Financial institucions, markets, and money
Saved in:
| Main Authors: | , |
|---|---|
| Format: | Bog |
| Sprog: | engelsk |
| Udgivet: |
Chicago
The Dryden Press
1987
|
| Udgivelse: | 3a. ed |
| Fag: | |
| Tags: |
Tilføj Tag
Ingen Tags, Vær først til at tagge denne postø!
|
MARC
| LEADER | 00000nam a2200000 a 4500 | ||
|---|---|---|---|
| 001 | UCT7534 | ||
| 003 | CL-VaPUC | ||
| 008 | 970123e19870000US |||||||||||||||||eng|d | ||
| 082 | 0 | 4 | |a 332.1 |b KID |2 21 |
| 100 | 0 | |a Kidwell, David S |e author |9 378535 | |
| 700 | 0 | |a Peterson, Richard L |e author |9 378536 | |
| 245 | 1 | 0 | |a Financial institucions, markets, and money |
| 250 | |a 3a. ed | ||
| 300 | |a 710 p | ||
| 942 | |c BK | ||
| 945 | |d 19970123 00:00:00 |a rbrito | ||
| 260 | |a Chicago |b The Dryden Press |c 1987 | ||
| 650 | 7 | |a INSTITUCIONES FINANCIERAS |2 CL-VaPUC |9 257940 | |
| 650 | 0 | |a Mercado |9 321497 | |
| 650 | 0 | |a Dinero |9 314331 | |
| 650 | 0 | |a Finanzas |9 260832 | |
| 650 | 7 | |a BANCOS COMERCIALES |2 CL-VaPUC |9 375787 | |
| 650 | 0 | |a Política monetaria |9 258279 | |
| 650 | 0 | |a Operaciones bancarias |9 337857 | |
| 650 | 7 | |a CREDITOS |2 CL-VaPUC |9 378537 | |
| 650 | 7 | |a OPERACIONES COMERCIALES |2 CL-VaPUC |9 337866 | |
| 583 | |a last modification |c 19970123 00:00:00 |k Rodrigo Vera | ||
| 999 | |c 256130 |d 256128 | ||
| 952 | |0 0 |1 0 |4 0 |6 332_100000000000000_KID_1987 |7 0 |8 A |9 278703 |a BIBGIM |b BIBGIM |d 2019-11-19 |i 3277658 |o 332.1 KID 1987 |p 3277658 |r 2025-01-15 |w 2019-11-19 |y BK |k COM | ||